2023-2024 UEFA Champions League Teams - Statistics

General Stats
  • This quiz has been taken 248 times
  • The average score is 25 of 32
Answer Stats
Team % Correct
Real Madrid
96%
Bayern Munich
95%
Manchester City
95%
Borussia Dortmund
94%
Manchester United
94%
Milan
94%
Barcelona
93%
Paris Saint-Germain
93%
Arsenal
92%
Inter Milan
92%
Newcastle United
88%
Atlético Madrid
87%
Napoli
86%
Porto
82%
PSV Eindhoven
80%
Galatasaray
77%
Sevilla
77%
Benfica
75%
Copenhagen
69%
Shakhtar Donetsk
69%
Lens
68%
Celtic
67%
Lazio
66%
Union Berlin
65%
Feyenoord
64%
RB Leipzig
64%
Real Sociedad
63%
Young Boys
61%
Red Bull Salzburg
58%
Red Star Belgrade
57%
Braga
54%
Antwerp
50%
No matching quizzes found
Score Distribution
Percent of People with Each Score
Percentile by Number Answered
Your Score History
You have not taken this quiz